• 首页
  • 本馆介绍
  • 公告通知
  • 最新文献
  • 馆藏检索
  • 电子资源
  • 读者导购
  • 参考咨询
  • 我的图书馆
  • 登录
  • 详细信息显示
  • 放入我的书架
  • 预约/预借图书
  • 作者相关作品
  • 分类相关作品
  • 丛书相关作品
  • 出版社相关作品

书目信息

  • 表格格式
  • 工作单格式
  • 卡片格式
题名:
佛教、基督宗教、少数民族宗教音乐
    
 
作者: 田青 编著
分册:  
出版信息: 北京   人民音乐出版社  2005
页数: 11,479页
开本: 21cm
丛书名: 20世纪中国音乐史论研究文献综录
单 册:
中图分类: J608
科图分类:
主题词: 宗教音乐--音乐史--研究--中国 , 宗教音乐 , 音乐史
电子资源:
ISBN: 7-103-02849-4
000 00992oam2 2200265 450
001 003037780
005 20070805180532.25
010    @a7-103-02849-4@dCNY28.00
100    @a20051219d2005 em y0chiy0110 ea
101 0  @achi
102    @aCN@b110000
105    @ay z 000yy
200 1  @a佛教、基督宗教、少数民族宗教音乐@9fo jiao 、 ji du zong jiao 、 shao shu min zu zong jiao yin yue@f田青编著
210    @a北京@c人民音乐出版社@d2005
215    @a11,479页@d21cm
225 2  @a20世纪中国音乐史论研究文献综录@i宗教音乐卷
330    @a本书内容包括综述、论文、著作三部分,各项内容按教派分类,收录的文献为1901年至2000年,个别文献为2001年到2003年,内容包括了道教音乐以外的其他所有中国宗教音乐文献的论文和著作。
462  0 @12001 @a20世纪中国音乐史论研究文献综录@i宗教音乐卷
606 0  @a宗教音乐@x音乐史@x研究@y中国
606 0  @a宗教音乐
606 0  @a音乐史
690    @aJ608@v4
701  0 @a田青@9tian qing@c(研究员)@4编著
801  0 @aCN@bNLC@c20070805
905    @a10447@dJ608@e501
    
    佛教、基督宗教、少数民族宗教音乐/田青编著.-北京:人民音乐出版社,2005
    11,479页;21cm.-(20世纪中国音乐史论研究文献综录.宗教音乐卷)
    
    
    ISBN 7-103-02849-4:CNY28.00
    本书内容包括综述、论文、著作三部分,各项内容按教派分类,收录的文献为1901年至2000年,个别文献为2001年到2003年,内容包括了道教音乐以外的其他所有中国宗教音乐文献的论文和著作。
●
相关链接 在E读中查询图书 在五车中查询图书 在当当中查询图书 在豆瓣中查询图书


正题名:佛教、基督宗教、少数民族宗教音乐     索取号:J608/501         预约/预借

序号 登录号 条形码 馆藏地/架位号 状态 备注
1 0805594   208055940   第一样本阅览室/ [索取号:J608/501] 在馆    
2 0805595   208055959   第一借阅区/ [索取号:J608/501] 在馆    
3 0805596   208055968   第一借阅区/ [索取号:J608/501] 在馆    
4 0805597   208055977   第一借阅区/ [索取号:J608/501] 在馆    
5 0805598   208055986   密集书库-音乐系/ [索取号:J608/501] 在馆    
唐山师范学院图书馆 欢迎您!
大连网信软件有限公司© 版权所有